Zwycięzcy Pucharu Polski 1926-2021 - Statystyki

Ogólne statystyki
  • Ten quiz został rozwiązany 178 razy
  • Średni wynik to 55 z 67
Statystyki odpowiedzi
Sezon Klub % Poprawnych
1981-1982 Lech Poznań
99%
1983-1984 Lech Poznań
99%
1987-1988 Lech Poznań
99%
2003-2004 Lech Poznań
99%
2008-2009 Lech Poznań
99%
1954-1955 Legia Warszawa
99%
1955-1956 Legia Warszawa
99%
1963-1964 Legia Warszawa
99%
1965-1966 Legia Warszawa
99%
1972-1973 Legia Warszawa
99%
1979-1980 Legia Warszawa
99%
1980-1981 Legia Warszawa
99%
1988-1989 Legia Warszawa
99%
1989-1990 Legia Warszawa
99%
1993-1994 Legia Warszawa
99%
1994-1995 Legia Warszawa
99%
1996-1997 Legia Warszawa
99%
2007-2008 Legia Warszawa
99%
2010-2011 Legia Warszawa
99%
2011-2012 Legia Warszawa
99%
2012-2013 Legia Warszawa
99%
2014-2015 Legia Warszawa
99%
2015-2016 Legia Warszawa
99%
2017-2018 Legia Warszawa
99%
1925-1926 Wisła Kraków
95%
1966-1967 Wisła Kraków
95%
2001-2002 Wisła Kraków
95%
2002-2003 Wisła Kraków
95%
2019-2020 Cracovia
91%
1982-1983 Lechia Gdańsk
90%
2018-2019 Lechia Gdańsk
90%
1978-1979 Arka Gdynia
89%
2016-2017 Arka Gdynia
89%
2020-2021 Raków Częstochowa
87%
1952 Polonia Warszawa
85%
2000-2001 Polonia Warszawa
85%
1950-1951 Ruch Chorzów
85%
1973-1974 Ruch Chorzów
85%
1995-1996 Ruch Chorzów
85%
1964-1965 Górnik Zabrze
84%
1967-1968 Górnik Zabrze
84%
1968-1969 Górnik Zabrze
84%
1969-1970 Górnik Zabrze
84%
1970-1971 Górnik Zabrze
84%
1971-1972 Górnik Zabrze
84%
1975-1976 Śląsk Wrocław
82%
1986-1987 Śląsk Wrocław
82%
1984-1985 Widzew Łódź
82%
1956-1957 ŁKS Łódź
79%
2009-2010 Jagiellonia Białystok
76%
2013-2014 Zawisza Bydgoszcz
69%
1985-1986 GKS Katowice
62%
1990-1991 GKS Katowice
62%
1992-1993 GKS Katowice
62%
2005-2006 Wisła Płock
57%
1997-1998 Amica Wronki
56%
1998-1999 Amica Wronki
56%
1999-2000 Amica Wronki
56%
2004-2005 Groclin Dyskobolia Grodzisk Wielkopolski
47%
2006-2007 Groclin Dyskobolia Grodzisk Wielkopolski
47%
1961-1962 Zagłębie Sosnowiec
46%
1962-1963 Zagłębie Sosnowiec
46%
1976-1977 Zagłębie Sosnowiec
46%
1977-1978 Zagłębie Sosnowiec
46%
1991-1992 Miedź Legnica
37%
1974-1975 Stal Rzeszów
33%
1953-1954 Gwardia Warszawa
24%
Nie znaleziono quizów pasujących do podanych kryteriów
Rozkład punktacji
Procent ludzi z każdym wynikiem
Percentyl według liczby udzielonych odpowiedzi
Twoja historia wyników
Nie rozwiązałeś tego quizu